Teaching oral english

Gardado en:
Detalles Bibliográficos
Autor Principal: Byrne, Donn (Author)
Formato: Libro
Idioma:inglés
Publicado: Londres Longman Group 1976
Edición:1a. ed
Series:Longman Handbooks for Language Teachers
Subjects:
Tags: Engadir etiqueta
Sen Etiquetas, Sexa o primeiro en etiquetar este rexistro!

MARC

LEADER 00000nam a2200000 a 4500
001 UCK8050
003 CL-VaPUC
008 060113e19760000UK |||||||||||||||||eng|d
020 |a 0582550815 
082 0 4 |a 428.007  |b BYR  |2 21 
100 0 |a Byrne, Donn  |e author  |9 497843 
245 1 0 |a Teaching oral english 
250 |a 1a. ed 
300 |a 146 p 
942 |c BK 
945 |d 20060113 00:00:00  |a cmena 
260 |a Londres  |b Longman Group  |c 1976 
650 0 |a Educación lingüística  |9 306506 
650 0 |a Lenguaje hablado  |9 339599 
650 0 |a Comunicación oral  |9 307769 
650 0 |a Inglés  |9 260023 
650 0 |a Rol del docente  |9 329733 
650 0 |a Métodos de enseñanza  |9 270413 
650 0 |a Enseñanza del inglés  |9 367340 
583 |a last modification  |c 20060113 00:00:00  |k Rodrigo Vera 
490 0 |a Longman Handbooks for Language Teachers 
999 |c 315881  |d 315879 
952 |0 0  |1 0  |4 0  |6 428_007000000000000_BYR_1976  |7 0  |8 A  |9 389703  |a BIBEDU  |b BIBEDU  |d 2019-11-22  |i 4202481  |l 1  |o 428.007 BYR 1976  |p 4202481  |r 2022-10-19  |s 2022-10-12  |w 2019-11-22  |y BK  |k LIT 
952 |0 0  |1 0  |4 0  |6 428_007000000000000_BYR_1976  |7 0  |8 A  |9 389704  |a BIBEDU  |b BIBEDU  |d 2019-11-22  |i 420249K  |o 428.007 BYR 1976  |p 420249K  |r 2019-11-22  |w 2019-11-22  |y BK  |k LIT